Setting the righ financia goals/ (Record no. 162443)

MARC details
000 -LEADER
fixed length control field 00542nam a2200181 4500
005 - DATE AND TIME OF LATEST TRANSACTION
control field 20190313161001.0
010 ## - LCCN (DPL NO)
LC control number ENG-124881
020 ## - INTERNATIONAL STANDARD BOOK NUMBER
International Standard Book Number 978380200460
Terms of availability 499.00
035 ## - SYSTEM CONTROL NUMBER
System control number EN-108413
037 ## - SOURCE OF ACQUISITION
Source of stock number/acquisition DBAD/PUB
082 ## - DEWEY DECIMAL CLASSIFICATION NUMBER
Classification number 332.024
100 ## - MAIN ENTRY--PERSONAL NAME
Personal name Pandya,Arnav
245 ## - TITLE STATEMENT
Title Setting the righ financia goals/
Remainder of title Pandya,Arnav
260 ## - PUBLICATION, DISTRIBUTION, ETC. (IMPRINT)
Place of publication, distribution, etc New Delhi
Name of publisher, distributor, etc TV 18 Broadcast Ltd,
Date of publication, distribution, etc (201?)
270 ## - ADDRESS
Address 507, Prabhat Kiran , 17, Rajendra Place,
City New Delhi
Postal code 110008
300 ## - PHYSICAL DESCRIPTION
Extent 289p.
Dimensions 21cm(Hb)
942 ## - ADDED ENTRY ELEMENTS (KOHA)
Source of classification or shelving scheme Dewey Decimal Classification
Item type English Books
Classification part 332.024
Call number suffix PAN
Holdings
Withdrawn status Lost status Not for loan Collection code Home library Current library Date acquired Source of acquisition Cost, normal purchase price Full call number Barcode Copy number Cost, replacement price Koha item type
      Non-fiction Bawana Bawana 13/03/2019 DBAD/PUB 499.00 332.024 PAN EN-108413 1 499.00 English Books

© Delhi Public Library
Hit Counter
free hit counter